HISTORY OF THE LATER HARAPPANS AND SHILP (Record no. 16645)

MARC details
000 -LEADER
fixed length control field 00364nam a2200145Ia 4500
008 - FIXED-LENGTH DATA ELEMENTS--GENERAL INFORMATION
fixed length control field 240624s9999 xx 000 0 und d
041 ## - LANGUAGE CODE
Language code of text/sound track or separate title eng
082 ## - DEWEY DECIMAL CLASSIFICATION NUMBER
Classification number 954 VIY
100 ## - MAIN ENTRY--PERSONAL NAME
Personal name VIYOGI NAVAL
245 ## - TITLE STATEMENT
Title HISTORY OF THE LATER HARAPPANS AND SHILP
260 ## - PUBLICATION, DISTRIBUTION, ETC.
Date of publication, distribution, etc. 2010
Place of publication, distribution, etc. Delhi
Name of publisher, distributor, etc. Kaplaz Publications
300 ## - PHYSICAL DESCRIPTION
Extent 298 : p. : cm. ; 22
365 ## - TRADE PRICE
Currency code RS
Price amount 30
440 ## - SERIES STATEMENT/ADDED ENTRY--TITLE
Volume/sequential designation 1
Holdings
Withdrawn status Lost status Damaged status Not for loan Home library Current library Shelving location Date acquired Source of acquisition Cost, normal purchase price Full call number Barcode Date last seen Copy number Price effective from Koha item type
        IMTN IMTN Rack 41-B 02/21/2011 AP 1800.00 954 VIY 16645 06/24/2024 1 06/24/2024 Books
Designed & Maintained by: LRC IMT Nagpur Contact: lrc@imtnag.ac.in© 2024. All Rights Reserved.